Pays, capitales et grandes agglomérations des Amériques - Statistiques

Statistiques générales
  • Ce quiz a été pris 476 fois
    475 depuis la dernière actualisation
  • Le résultat moyen est 42 sur 89
Réponses sur la Carte
Les réponses sont colorées sur une échelle allant du rouge au vert en fonction du pourcentage des utilisateurs qui les ont devinées à leur premier essai. Vous pouvez retrouver ces pourcentages ci-dessous.
 
Statistiques - réponses
Réponse % Correct
Mexique
71%
Groenland
70%
Canada
69%
États Unis
69%
Chili
68%
Brésil
67%
Bolivie
66%
Argentine
65%
Équateur
65%
Colombie
64%
Bahamas
63%
Venezuela
63%
Panama city
61%
Paraguay
61%
La Havane
60%
Los Angeles
60%
Miami
60%
Montevideo
60%
Suriname
60%
Cuba
58%
Lima
57%
Mexico
57%
New York
57%
Perou
57%
Quito
57%
Uruguay
57%
Santiago
56%
Washington D.C
56%
Brasilia
55%
Buenos aires
55%
Caracas
55%
Panama
55%
Port-au-Prince
55%
Bogota
54%
Jamaique
54%
Saint-Domingue
54%
Guatemala
52%
Haiti
52%
République Dominicaine
52%
Kingston
51%
San Salvador
51%
El salvador
50%
Honduras
50%
Guatemala city
49%
Guyana
49%
Belize
48%
Guyane
48%
Costa Rica
46%
Ottawa
46%
Sucre
46%
Asuncion
45%
Chicago
45%
Nicaragua
45%
Nassau
44%
Seattle
44%
La Paz
43%
Sao Paulo
43%
Georgetown
42%
Boston
41%
Houston
41%
Tegucigalpa
41%
Belmopan
40%
Montréal
40%
Paramaribo
40%
Winnipeg
40%
Detroit
39%
Managua
39%
Medelin
39%
Nuuk
39%
Atlanta
37%
Dallas
37%
Phoenix
37%
San José
37%
Vancouver
37%
Philadelphie
34%
Toronto
34%
Cancun
33%
Rio de Janeiro
32%
Fortaleza
27%
Recif
26%
Guadalajara
25%
Merida
23%
Monterrey
23%
Thule
23%
Belo Horizonte
21%
Porto Allegre
19%
Salvador de Bahia
19%
Campina
18%
Curitiba
18%
Aucun quiz correspondant
Distribution des résultats
% des personnes avec chaque résultat
Percentile par nombre de réponses
Votre historique - résultats
Vous n’avez pas pris ce quiz depuis la dernière actualisation